| 000 | 00461caa a22001932a 4500 | ||
|---|---|---|---|
| 001 | 002748 | ||
| 003 | AR-FADEU | ||
| 008 | 311216n############xxu####################dd | ||
| 092 | _aPP(340)INV | ||
| 100 | _aFerrando, Silvia | ||
| 245 | _bEutanasia. Derecho a la salud. Derecho a la vida | ||
| 245 | _aInvestigaciones | ||
| 300 | _a162-165 | ||
| 440 | _v8 | ||
| 440 | _n1-2 | ||
| 260 | _c2004 | ||
| 650 | _aEUTANASIA-DERECHO A LA VIDA | ||
| 942 | _cPPGR | ||
| 999 |
_c5526 _d5526 |
||